000 00707nam a2200193Ia 4500
003 LDD
008 190117s9999 xx 000 0 und d
020 _a9789385054556
_c₹240
040 _cLDD
041 _ahi
082 _a8H1.71 श्री6801क
100 _aश्रीवास्तव, एकांत
245 0 _aकवि ने कहा एकांत श्रीवास्तव
_cएकांत श्रीवास्तव
260 _aदिल्ली
_bकिताबघर प्रकाशन
_c2016
300 _a136p.
901 _aKGP
904 _aReqst by : Jitendra Kumar Srivasta
942 _2ddc
_cH
999 _c172230
_d172230